| 000 | 00418cam a2200157ua 4500 | ||
|---|---|---|---|
| 003 | OSt | ||
| 008 | 241223b |||||||| |||| 00| 0 eng d | ||
| 041 | _aeng | ||
| 082 |
_a621.3133 _bFRE/WO |
||
| 100 |
_aFreeman, P J . _96547 |
||
| 245 | _aWorked examples in alternating current for engineering students / | ||
| 250 | _a1 / | ||
| 260 |
_aMumbai : _bAsia Publishing House , _c1966. |
||
| 300 | _a108 ; . | ||
| 942 | _cBK | ||
| 999 |
_c9009 _d9009 |
||